[Event "Moron Philidor CC 13th"]
[Site "Moron"]
[Date "2017.05.13"]
[Round "3.4"]
[White "Ostoich, Mariano Ivan"]
[Black "Brunsteins, Daniel Bernardo"]
[Result "1-0"]
[WhiteElo "2040"]
[BlackElo "1868"]
[PlyCount "97"]
[EventDate "2017.05.09"]
[EventType "swiss"]
[EventRounds "7"]
[EventCountry "ARG"]
[SourceTitle "EXT 2024"]
[Source "ChessBase"]
[SourceDate "2023.10.10"]
[SourceVersion "1"]
[SourceVersionDate "2023.10.10"]
[SourceQuality "1"]

1. Nf3 f5 2. c4 Nf6 3. g3 Nc6 4. Bg2 e5 5. d3 Bb4+ 6. Bd2 Bxd2+ 7. Qxd2 d6 8. Nc3 0-0 9. 0-0 Bd7 10. Rab1 a5 11. b3 Qe7 12. Ne1 Nd8 13. a3 Bc6 14. b4 Bxg2 15. Nxg2 axb4 16. axb4 Ne6 17. e3 c6 18. f4 g6 19. Ra1 Rfd8 20. Qb2 exf4 21. gxf4 Nc7 22. b5 cxb5 23. Nxb5 Rxa1 24. Rxa1 Na6 25. Nc3 Re8 26. Rb1 Rb8 27. Qb6 Kg7 28. Qd4 Kf7 29. Rb6 Nc5 30. Nb5 Ne6 31. Nxd6+ Kg8 32. Qe5 Nd7 33. Nxf5 gxf5 34. Qxe6+ Qxe6 35. Rxe6 Kf7 36. Rd6 Ke7 37. Rd5 Rf8 38. Nh4 Ke6 39. Nf3 Rg8+ 40. Kf2 Nf6 41. Re5+ Kd6 42. Rxf5 Ng4+ 43. Ke2 Nxh2 44. Ng5 h5 45. Ne4+ Kc6 46. Nf2 b6 47. d4 Kd6 48. e4 Ke6 49. d5+ 1-0